00753cam a22002297a 450000100100000000500170001000800410002702000150006804000230008304100380010608200190014410000290016324501310019226000300032330000240035350000180037765000230039565000140041870000350043270000290046770000270049600000169020200929145650.0980520s2003 ck a 000 0 spa  a9580477604 aDO-SdBNPcDLCdDLC17aenghspa2Código de diomas MARC a658.403bH225d1 aHammond, John S.,d1937-10aDecisiones inteligentes :bguía práctica para tomar mejores decisiones /cJohn S. Hammond, Ralph L. Keeney, Howard Raiffa. aBogotá :bNorma,c2003. ax, 293 p. ;c18 cm. aSmart choices 4aToma de decisiones 4aMarketing1 aJorge Cárdenas Nannettietr.1 aKeeney, Ralph L.,d1944-1 aRaiffa, Howard,d1924-